[Event "Titled Tuesday intern op 24th Sep Early"]
[Site "Chess.com INT"]
[Date "2024.09.24"]
[Round "6"]
[White "Estrada Nieto, Julian"]
[Black "Luberanski, Jakub"]
[Result "0-1"]
[WhiteElo "2204"]
[BlackElo "2205"]
[PlyCount "140"]
[EventDate "2024.09.24"]
[EventType "swiss (blitz)"]
[EventRounds "11"]
[EventCountry "USA"]
[SourceTitle "EXT 2025"]
[Source "ChessBase"]
[SourceDate "2024.10.14"]
[SourceVersion "1"]
[SourceVersionDate "2024.10.14"]
[SourceQuality "1"]

1. e4 c5 2. Nf3 e6 3. g3 d5 4. exd5 exd5 5. Bg2 Nf6 6. 0-0 Be7 7. d4 0-0 8. dxc5 Bxc5 9. Bg5 Be7 10. Nc3 Nc6 11. Re1 Bg4 12. h3 Bh5 13. g4 Bg6 14. Ne5 Nxe5 15. Rxe5 h6 16. Bh4 d4 17. Nd5 Nxd5 18. Rxd5 Qc7 19. Bxe7 Qxe7 20. Qxd4 Bxc2 21. Rd7 Qg5 22. f4 Qh4 23. Rc1 Bh7 24. Rc3 Rfe8 25. Re3 Rac8 26. Rc7 Rcd8 27. Rxe8+ Rxe8 28. Rc1 Re1+ 29. Rxe1 Qxe1+ 30. Kh2 Bb1 31. a3 Qe2 32. b4 Kh7 33. Qxa7 Be4 34. Qg1 h5 35. Qf1 Qd2 36. gxh5 Kh6 37. Kh1 Bxg2+ 38. Qxg2 Qc1+ 39. Qg1 Qxf4 40. Qg4 Qc1+ 41. Kh2 Qb2+ 42. Qg2 Qe5+ 43. Qg3 Qb2+ 44. Qg2 Qxa3 45. Qd2+ Kxh5 46. Qd5+ Kg6 47. Qxb7 Qb2+ 48. Kg3 Qc3+ 49. Kh2 Qd2+ 50. Qg2+ Qxg2+ 51. Kxg2 Kf5 52. b5 Ke6 53. Kf3 Kd5 54. Kf4 Kc5 55. h4 Kxb5 56. Kf5 Kc5 57. h5 Kd6 58. Kg5 Ke6 59. h6 f6+ 60. Kg6 gxh6 61. Kxh6 Kf5 62. Kh5 Kf4 63. Kh4 f5 64. Kh3 Kf3 65. Kh2 Kf2 66. Kh3 f4 67. Kh2 f3 68. Kh1 Kf1 69. Kh2 f2 70. Kg3 Ke2 0-1

[Event "Titled Tuesday intern op 24th Sep Late"]
[Site "Chess.com INT"]
[Date "2024.09.24"]
[Round "5"]
[White "Kashefi, Amir Hossein"]
[Black "Luberanski, Jakub"]
[Result "1-0"]
[WhiteElo "2183"]
[BlackElo "2205"]
[PlyCount "125"]
[EventDate "2024.09.24"]
[EventType "swiss (blitz)"]
[EventRounds "11"]
[EventCountry "USA"]
[SourceTitle "EXT 2025"]
[Source "ChessBase"]
[SourceDate "2024.10.14"]
[SourceVersion "1"]
[SourceVersionDate "2024.10.14"]
[SourceQuality "1"]

1. Nf3 g6 2. g3 Bg7 3. Bg2 e5 4. d3 Ne7 5. c4 0-0 6. Nc3 f5 7. 0-0 d6 8. Qc2 Nbc6 9. b3 h6 10. Bb2 g5 11. Rad1 f4 12. e3 g4 13. Nd2 f3 14. Bh1 Bf5 15. e4 Nd4 16. Qb1 Bg6 17. Rfe1 Nec6 18. Nd5 Ne2+ 19. Rxe2 fxe2 20. Re1 Bf7 21. Rxe2 Bxd5 22. exd5 Ne7 23. Qd1 Qd7 24. Be4 Rf7 25. Nf1 Nf5 26. Rd2 h5 27. Re2 Raf8 28. Kg2 Qe7 29. Bc3 Bh6 30. d4 Bg7 31. dxe5 Bxe5 32. Bd3 h4 33. Bxe5 dxe5 34. Re4 h3+ 35. Kg1 Nh6 36. Qd2 Qf6 37. Re2 Qg7 38. c5 b6 39. b4 bxc5 40. bxc5 Nf5 41. Bxf5 Rxf5 42. Ne3 Rf3 43. d6 cxd6 44. cxd6 e4 45. Qd5+ R3f7 46. Qxe4 Rd8 47. Qxg4 Rxd6 48. Qc8+ Rf8 49. Qxh3 Rdf6 50. Qg4 Rg6 51. Qc4+ Kh8 52. Kg2 Rgf6 53. h4 Qb7+ 54. Qd5 Qb6 55. Qh5+ Kg8 56. Qg4+ Kh7 57. Nd5 Qc6 58. Re7+ R8f7 59. Qe4+ Kg8 60. Nxf6+ Qxf6 61. Rxf7 Qxf7 62. Qg4+ Kf8 63. Qf3 1-0

[Event "Titled Tuesday intern op 24th Sep Late"]
[Site "Chess.com INT"]
[Date "2024.09.24"]
[Round "2"]
[White "Luberanski, Jakub"]
[Black "Vlassov, Nikolai"]
[Result "1-0"]
[WhiteElo "2205"]
[BlackElo "2291"]
[PlyCount "77"]
[EventDate "2024.09.24"]
[EventType "swiss (blitz)"]
[EventRounds "11"]
[EventCountry "USA"]
[SourceTitle "EXT 2025"]
[Source "ChessBase"]
[SourceDate "2024.10.14"]
[SourceVersion "1"]
[SourceVersionDate "2024.10.14"]
[SourceQuality "1"]

1. e4 Nc6 2. Nf3 d5 3. exd5 Qxd5 4. Nc3 Qa5 5. Be2 Bg4 6. 0-0 0-0-0 7. d3 Nf6 8. a3 Qf5 9. Be3 e5 10. h3 Bxf3 11. Bxf3 Nd4 12. Bxd4 exd4 13. Ne4 Nxe4 14. Bg4 Nd6 15. Bxf5+ Nxf5 16. Qg4 g6 17. Rfe1 Bh6 18. Re5 Kb8 19. Rae1 Nd6 20. Re7 Bd2 21. R1e2 Bc1 22. Rd7 Rde8 23. Rxe8+ Rxe8 24. Qxd4 Kc8 25. Rxd6 cxd6 26. Qc4+ Kd7 27. Qxf7+ Re7 28. Qd5 Kc7 29. Qc4+ Kb8 30. Qb4 Kc7 31. c4 Re2 32. d4 Bxb2 33. c5 dxc5 34. Qxc5+ Kb8 35. Qf8+ Kc7 36. Qf4+ Kb6 37. Qd6+ Kb5 38. Qb4+ Kc6 39. Qc4+ 1-0

[Event "Titled Tuesday intern op 24th Sep Late"]
[Site "Chess.com INT"]
[Date "2024.09.24"]
[Round "1"]
[White "Luberanski, Jakub"]
[Black "Yurovskich, Oleksandr"]
[Result "0-1"]
[WhiteElo "2205"]
[BlackElo "2328"]
[PlyCount "90"]
[EventDate "2024.09.24"]
[EventType "swiss (blitz)"]
[EventRounds "11"]
[EventCountry "USA"]
[SourceTitle "EXT 2025"]
[Source "ChessBase"]
[SourceDate "2024.10.14"]
[SourceVersion "1"]
[SourceVersionDate "2024.10.14"]
[SourceQuality "1"]

1. e4 e6 2. d4 d5 3. Nd2 dxe4 4. Nxe4 Bd7 5. Nf3 Bc6 6. Bd3 Nd7 7. 0-0 Ngf6 8. Re1 Nxe4 9. Bxe4 Bxe4 10. Rxe4 Be7 11. Bf4 0-0 12. c3 Nf6 13. Re2 c6 14. Qb3 Qb6 15. Qc2 Rfd8 16. Be5 h6 17. Rae1 Rd5 18. Nd2 Rad8 19. Ne4 Nxe4 20. Rxe4 c5 21. Rg4 Bf8 22. Qc1 Kh7 23. Qf4 R5d7 24. Qg3 g6 25. Qf3 Bg7 26. Bxg7 Kxg7 27. dxc5 Qxc5 28. h4 Qd5 29. Rge4 Qxa2 30. Rb4 Qd5 31. Qe3 a6 32. Rd4 Qf5 33. Rf4 Qb5 34. b4 Qc6 35. Qe5+ Kg8 36. Qf6 Qd6 37. Rg4 Qe7 38. Qf4 h5 39. Rg3 Rd5 40. Re4 Rf5 41. Qe3 Rd1+ 42. Kh2 Rfd5 43. Qh6 R1d3 44. f3 Rd2 45. Qxh5 Rxh5 0-1

[Event "POL-chT 1st League"]
[Site "Darlowo"]
[Date "2024.09.22"]
[Round "9.10"]
[White "Hnydiuk, Aleksander"]
[Black "Luberanski, Jakub"]
[Result "1/2-1/2"]
[WhiteElo "2350"]
[BlackElo "2205"]
[PlyCount "166"]
[EventDate "2024.09.14"]
[EventType "team-swiss"]
[EventRounds "9"]
[EventCountry "POL"]
[SourceTitle "EXT 2025"]
[Source "ChessBase"]
[SourceDate "2024.10.14"]
[SourceVersion "1"]
[SourceVersionDate "2024.10.14"]
[SourceQuality "1"]

1. Nf3 Nf6 2. c4 e6 3. g3 d5 4. d4 dxc4 5. Bg2 a6 6. Ne5 Bb4+ 7. Nc3 Nd5 8. 0-0 Nb6 9. Nxc4 Bxc3 10. Nxb6 cxb6 11. bxc3 0-0 12. a4 Nc6 13. Qb3 Na5 14. Qb4 Bd7 15. Bf4 Bc6 16. e4 b5 17. d5 exd5 18. exd5 Bd7 19. axb5 axb5 20. Rfe1 Nc4 21. d6 Rxa1 22. Rxa1 g5 23. Be3 Re8 24. Qc5 Re5 25. Qd4 Bc6 26. Rd1 Qd7 27. h4 h6 28. hxg5 hxg5 29. Kh2 Bxg2 30. Kxg2 f6 31. Qd3 Kf7 32. Qh7+ Ke6 33. Qh3+ Rf5 34. Bd4 Nxd6 35. Kg1 Nc4 36. Re1+ Kd6 37. Bxf6 Nd2 38. Be7+ Kc7 39. Kh1 Nf3 40. Ra1 Qc6 41. g4 Rf7 42. Bb4 Qe4 43. Qg3+ Ne5+ 44. Kg1 Rf4 45. Rd1 Rxg4 46. Bd6+ Kc8 47. Bxe5 Rxg3+ 48. Bxg3 Qf3 49. Rb1 Qd3 50. Rb4 Qxc3 51. Rxb5 g4 52. Kh2 Qf3 53. Rb4 Kd7 54. Rf4 Qe2 55. Bh4 Qd1 56. Bf6 Ke6 57. Bd4 Kd5 58. Be3 b5 59. Rb4 Kc6 60. Rf4 Kb7 61. Rf7+ Kc6 62. Rf4 Kc7 63. Rf7+ Kd6 64. Rf4 Ke6 65. Rb4 Qd6+ 66. Rf4 b4 67. Kg3 b3 68. Bd4 Qb8 69. Kxg4 b2 70. Bxb2 Qxb2 71. Kg3 Ke5 72. Rf3 Qc1 73. Re3+ Kf5 74. Kg2 Qd1 75. Rf3+ Kg4 76. Rg3+ Kf4 77. Re3 Qd5+ 78. Kg1 Qh5 79. Rg3 Qd1+ 80. Kg2 Qe1 81. Rf3+ Ke4 82. Re3+ Qxe3 83. fxe3 Kxe3 1/2-1/2

[Event "POL-chT 1st League"]
[Site "Darlowo"]
[Date "2024.09.19"]
[Round "6.22"]
[White "Luberanski, Jakub"]
[Black "Plichta, Kamil"]
[Result "1-0"]
[WhiteElo "2205"]
[BlackElo "2384"]
[PlyCount "47"]
[EventDate "2024.09.14"]
[EventType "team-swiss"]
[EventRounds "9"]
[EventCountry "POL"]
[SourceTitle "EXT 2025"]
[Source "ChessBase"]
[SourceDate "2024.10.14"]
[SourceVersion "1"]
[SourceVersionDate "2024.10.14"]
[SourceQuality "1"]

1. e4 g6 2. h4 d5 3. exd5 Qxd5 4. Nc3 Qa5 5. d4 Nf6 6. Bd2 c6 7. Bc4 Bg7 8. Qe2 Bf5 9. 0-0-0 Nbd7 10. Nb5 Qa4 11. Nc7+ Kf8 12. Bb3 Qxd4 13. Bg5 Qxd1+ 14. Qxd1 Rc8 15. Bf4 Ne4 16. Nh3 e5 17. f3 Ke7 18. fxe4 Bxh3 19. Bg5+ f6 20. Rxh3 fxg5 21. Ne6 g4 22. Qxg4 h5 23. Qxg6 Bh6+ 24. Ng5 1-0

[Event "POL-chT 1st League"]
[Site "Darlowo"]
[Date "2024.09.16"]
[Round "3.10"]
[White "Paczka, Patryk"]
[Black "Luberanski, Jakub"]
[Result "1/2-1/2"]
[WhiteElo "1933"]
[BlackElo "2205"]
[PlyCount "33"]
[EventDate "2024.09.14"]
[EventType "team-swiss"]
[EventRounds "9"]
[EventCountry "POL"]
[SourceTitle "EXT 2025"]
[Source "ChessBase"]
[SourceDate "2024.10.14"]
[SourceVersion "1"]
[SourceVersionDate "2024.10.14"]
[SourceQuality "1"]

1. e4 c5 2. Nf3 Nc6 3. d4 cxd4 4. Nxd4 e6 5. Be3 Nf6 6. Nxc6 bxc6 7. Bd3 d5 8. Nd2 Bd6 9. 0-0 0-0 10. f4 e5 11. f5 Nd7 12. Qh5 f6 13. Rf3 Bc5 14. Bxc5 Nxc5 15. Rh3 h6 16. Rg3 Kh8 17. Rxg7 1/2-1/2

[Event "Bydgoszcz op"]
[Site "Bydgoszcz"]
[Date "2024.09.03"]
[Round "9"]
[White "Grygierczyk, Wojciech"]
[Black "Luberanski, Jakub"]
[Result "1/2-1/2"]
[WhiteElo "2104"]
[BlackElo "2245"]
[PlyCount "102"]
[EventDate "2024.08.26"]
[EventType "swiss"]
[EventRounds "9"]
[EventCountry "POL"]
[SourceTitle "EXT 2025"]
[Source "ChessBase"]
[SourceDate "2024.10.14"]
[SourceVersion "1"]
[SourceVersionDate "2024.10.14"]
[SourceQuality "1"]

1. d4 d5 2. Nf3 Nf6 3. Bf4 e6 4. e3 Be7 5. Nbd2 0-0 6. Bd3 c5 7. c3 Nc6 8. Ne5 Bd6 9. Bg3 g6 10. f4 Nh5 11. Qg4 Ne7 12. Qe2 f6 13. Nef3 Nc6 14. Bh4 Qb6 15. Rb1 e5 16. fxe5 fxe5 17. dxe5 Nxe5 18. Nxe5 Bxe5 19. Nf3 Bg4 20. 0-0 c4 21. Bc2 Qd6 22. Qd2 Bxf3 23. gxf3 Bf6 24. Bxf6 Nxf6 25. Qd4 Qa6 26. a3 Rae8 27. Rf2 Qe6 28. Re1 Nd7 29. f4 Qc6 30. Rd2 Nf6 31. Kh1 Re7 32. Rg1 Rfe8 33. Ba4 Qxa4 34. Qxf6 Qc6 35. Qd4 Rxe3 36. f5 R8e5 37. fxg6 hxg6 38. Rdg2 Kg7 39. Qxa7 Re2 40. Rxe2 Rxe2 41. Qd4+ Kh7 42. Rg2 Re1+ 43. Rg1 Re4 44. Qf2 Qe6 45. Rf1 b5 46. Qf8 Re1 47. Rxe1 Qxe1+ 48. Kg2 Qe4+ 49. Qf3 Kh6 50. Kf2 Qc2+ 51. Kg3 Qd3 1/2-1/2

[Event "Bydgoszcz op"]
[Site "Bydgoszcz"]
[Date "2024.09.01"]
[Round "7"]
[White "Zalega, Maciej"]
[Black "Luberanski, Jakub"]
[Result "1-0"]
[WhiteElo "2147"]
[BlackElo "2245"]
[PlyCount "101"]
[EventDate "2024.08.26"]
[EventType "swiss"]
[EventRounds "9"]
[EventCountry "POL"]
[SourceTitle "EXT 2025"]
[Source "ChessBase"]
[SourceDate "2024.10.14"]
[SourceVersion "1"]
[SourceVersionDate "2024.10.14"]
[SourceQuality "1"]

1. e4 c5 2. Nf3 Nc6 3. d4 cxd4 4. Nxd4 Nf6 5. Nc3 e5 6. Ndb5 d6 7. Bg5 a6 8. Na3 b5 9. Bxf6 gxf6 10. Nd5 f5 11. Bd3 Be6 12. 0-0 Bxd5 13. exd5 Ne7 14. c3 Bg7 15. Re1 e4 16. Bf1 0-0 17. Qh5 Qd7 18. Rad1 Ng6 19. g3 Rfe8 20. Bh3 Re5 21. Nc2 Ne7 22. Nd4 Rc8 23. f3 Qa7 24. Kf1 f4 25. Nf5 fxg3 26. hxg3 Re8 27. Rxe4 Rxe4 28. fxe4 Qc5 29. Kg2 Ng6 30. Nxg7 Kxg7 31. Bf5 h6 32. Qg4 Re7 33. Rf1 Qc4 34. Rf2 a5 35. a3 Qd3 36. Qf3 Qxf3+ 37. Kxf3 Ne5+ 38. Ke3 Rb7 39. Rc2 Kf6 40. Rh2 Kg5 41. g4 Nc4+ 42. Kd4 Rb6 43. Rh5+ Kf4 44. Rxh6 Nxb2 45. Rf6 Nc4 46. Rxf7 Nxa3 47. e5 dxe5+ 48. Kc5 Rb8 49. d6 e4 50. Bc8+ Ke3 51. d7 1-0

[Event "Bydgoszcz op"]
[Site "Bydgoszcz"]
[Date "2024.08.30"]
[Round "5"]
[White "Aizenberg, Benny"]
[Black "Luberanski, Jakub"]
[Result "1-0"]
[WhiteElo "2422"]
[BlackElo "2245"]
[PlyCount "61"]
[EventDate "2024.08.26"]
[EventType "swiss"]
[EventRounds "9"]
[EventCountry "POL"]
[SourceTitle "EXT 2025"]
[Source "ChessBase"]
[SourceDate "2024.10.14"]
[SourceVersion "1"]
[SourceVersionDate "2024.10.14"]
[SourceQuality "1"]

1. e4 c5 2. Nf3 Nc6 3. Bb5 g6 4. 0-0 Bg7 5. c3 e5 6. d4 cxd4 7. cxd4 exd4 8. Bf4 a6 9. Ba4 Nge7 10. Bd6 b5 11. Bb3 Bb7 12. Re1 Nc8 13. e5 Nxd6 14. exd6+ Kf8 15. Nbd2 f5 16. a4 Bf6 17. Qe2 bxa4 18. Bxa4 Kg7 19. Nb3 Qb6 20. Qc4 Rhc8 21. Nc5 Na5 22. Re7+ Bxe7 23. Qxd4+ Kg8 24. Bxd7 h6 25. Bxc8 Bxf3 26. Be6+ Kh7 27. dxe7 Bc6 28. Qf6 Qb4 29. Qf7+ Kh8 30. Qf8+ Kh7 31. Qxa8 1-0

[Event "Bydgoszcz op"]
[Site "Bydgoszcz"]
[Date "2024.08.29"]
[Round "4"]
[White "Luberanski, Jakub"]
[Black "Socko, Monika"]
[Result "1/2-1/2"]
[WhiteElo "2245"]
[BlackElo "2422"]
[PlyCount "88"]
[EventDate "2024.08.26"]
[EventType "swiss"]
[EventRounds "9"]
[EventCountry "POL"]
[SourceTitle "EXT 2025"]
[Source "ChessBase"]
[SourceDate "2024.10.14"]
[SourceVersion "1"]
[SourceVersionDate "2024.10.14"]
[SourceQuality "1"]

1. e4 e6 2. d4 d5 3. Nc3 Nf6 4. Bg5 Be7 5. e5 Nfd7 6. h4 h6 7. Bxe7 Qxe7 8. Qd2 a6 9. f4 c5 10. Nf3 Nc6 11. g4 h5 12. gxh5 Nxd4 13. Nxd4 cxd4 14. Qxd4 Rxh5 15. 0-0-0 Rxh4 16. Bg2 Nf8 17. Bxd5 Ng6 18. Rxh4 Qxh4 19. Be4 Qxf4+ 20. Kb1 Qh4 21. Qb6 Nxe5 22. Rh1 Nd7 23. Qd6 Qe7 24. Rh8+ Nf8 25. Bc6+ bxc6 26. Qxc6+ Qd7 27. Qxa8 Qb7 28. Qxb7 Bxb7 29. Na4 f5 30. Nc5 Bc8 31. Nd3 g5 32. Ne5 Ke7 33. Kc1 Bb7 34. Kd2 Kf6 35. Nd3 Kg7 36. Rh2 Nd7 37. Ke1 e5 38. b4 e4 39. Nc5 Nxc5 40. bxc5 e3 41. Rh5 Kg6 42. Rh8 f4 43. Rd8 Kf5 44. Rf8+ Ke5 1/2-1/2

[Event "Bydgoszcz op"]
[Site "Bydgoszcz"]
[Date "2024.08.27"]
[Round "2"]
[White "Luberanski, Jakub"]
[Black "Suska, Szymon"]
[Result "1-0"]
[WhiteElo "2245"]
[BlackElo "2107"]
[PlyCount "49"]
[EventDate "2024.08.26"]
[EventType "swiss"]
[EventRounds "9"]
[EventCountry "POL"]
[SourceTitle "EXT 2025"]
[Source "ChessBase"]
[SourceDate "2024.10.14"]
[SourceVersion "1"]
[SourceVersionDate "2024.10.14"]
[SourceQuality "1"]

1. e4 c5 2. Nf3 Nc6 3. Bb5 e6 4. 0-0 Nge7 5. Re1 a6 6. Bf1 d5 7. d3 dxe4 8. dxe4 Qxd1 9. Rxd1 b5 10. a4 b4 11. Nbd2 Na5 12. Ne5 Bb7 13. Ndc4 Nxc4 14. Nxc4 Nc6 15. Bf4 Be7 16. Nd6+ Bxd6 17. Bxd6 Nd4 18. Bxc5 Nxc2 19. Rac1 b3 20. Rd3 Bxe4 21. Rxb3 e5 22. Rc3 Nd4 23. Re1 f5 24. f3 Nc2 25. Rc1 1-0

[Event "Bydgoszcz op"]
[Site "Bydgoszcz"]
[Date "2024.08.26"]
[Round "1"]
[White "Kucharski, Bartlomiej"]
[Black "Luberanski, Jakub"]
[Result "1/2-1/2"]
[WhiteElo "2028"]
[BlackElo "2245"]
[PlyCount "72"]
[EventDate "2024.08.26"]
[EventType "swiss"]
[EventRounds "9"]
[EventCountry "POL"]
[SourceTitle "EXT 2025"]
[Source "ChessBase"]
[SourceDate "2024.10.14"]
[SourceVersion "1"]
[SourceVersionDate "2024.10.14"]
[SourceQuality "1"]

1. e4 c5 2. Nf3 Nc6 3. Bb5 g6 4. 0-0 Bg7 5. Bxc6 bxc6 6. d3 e5 7. Re1 Ne7 8. Na3 0-0 9. Nc4 d6 10. a3 a5 11. Bd2 f5 12. h3 h6 13. b4 axb4 14. axb4 Rxa1 15. Qxa1 fxe4 16. dxe4 Be6 17. Qa6 Bxh3 18. bxc5 d5 19. Ncxe5 dxe4 20. Qc4+ Kh7 21. Qxe4 Bf5 22. Qh4 Nd5 23. Qxd8 Rxd8 24. Nxc6 Rc8 25. Ne7 Rxc5 26. Nxd5 Rxd5 27. Re7 Kg8 28. Rc7 g5 29. Bc3 Rd1+ 30. Kh2 Bf8 31. Be5 Be4 32. Kg3 Rd5 33. c4 Rc5 34. Rxc5 Bxc5 35. Bd4 Bxf3 36. Bxc5 Be2 1/2-1/2

[Event "Ustron op-A"]
[Site "Ustron"]
[Date "2024.08.10"]
[Round "2"]
[White "Luberanski, Jakub"]
[Black "Warchol, Kamil"]
[Result "1/2-1/2"]
[WhiteElo "2245"]
[BlackElo "2191"]
[PlyCount "85"]
[EventDate "2024.08.09"]
[EventType "swiss"]
[EventRounds "9"]
[EventCountry "POL"]
[SourceTitle "EXT 2025"]
[Source "ChessBase"]
[SourceDate "2024.10.14"]
[SourceVersion "1"]
[SourceVersionDate "2024.10.14"]
[SourceQuality "1"]

1. d4 Nf6 2. c4 e6 3. Nf3 d5 4. g3 Bb4+ 5. Bd2 Be7 6. Qc2 c6 7. Bg2 0-0 8. 0-0 Nbd7 9. Bf4 b6 10. cxd5 cxd5 11. Bc7 Qe8 12. Nc3 Ba6 13. Qa4 Nb8 14. Qxe8 Nxe8 15. Bf4 Nc6 16. Rfc1 Rc8 17. Ne5 Nxe5 18. dxe5 Nc7 19. a4 Bc4 20. Be3 Rfd8 21. Bd4 Bc5 22. e3 Bxd4 23. exd4 b5 24. Bf1 a6 25. axb5 Nxb5 26. Nxb5 axb5 27. Bg2 g6 28. f4 Ra8 29. Kf2 Rdc8 30. Ke3 Rxa1 31. Rxa1 Bb3 32. Ra3 Ba4 33. Rc3 Rc4 34. Rxc4 bxc4 35. g4 Bd1 36. h3 Bc2 37. Kd2 Bb1 38. Kc3 Kf8 39. Kb4 Ke7 40. Kc5 Kd7 41. Kb6 Be4 42. Bf1 Bd3 43. Kc5 1/2-1/2

[Event "Ustron op-A"]
[Site "Ustron"]
[Date "2024.08.09"]
[Round "1"]
[White "Rekuc, Patryk"]
[Black "Luberanski, Jakub"]
[Result "1-0"]
[WhiteElo "2130"]
[BlackElo "2245"]
[PlyCount "81"]
[EventDate "2024.08.09"]
[EventType "swiss"]
[EventRounds "9"]
[EventCountry "POL"]
[SourceTitle "EXT 2025"]
[Source "ChessBase"]
[SourceDate "2024.10.14"]
[SourceVersion "1"]
[SourceVersionDate "2024.10.14"]
[SourceQuality "1"]

1. Nf3 Nf6 2. c4 e6 3. d4 d5 4. e3 Be7 5. b3 0-0 6. Bd3 c5 7. 0-0 cxd4 8. exd4 b6 9. Bb2 Bb7 10. Nbd2 Nbd7 11. Qe2 Rc8 12. Rac1 dxc4 13. bxc4 Qc7 14. Rfd1 Rfd8 15. Bb1 Bb4 16. Nf1 Qf4 17. Ne1 Bf8 18. Ng3 Ba6 19. Bd3 g6 20. Nf3 Bg7 21. Nd2 h5 22. h3 h4 23. Ngf1 Nh5 24. Nf3 Qf6 25. Qe4 Nf4 26. Ne3 Nxd3 27. Rxd3 Nc5 28. dxc5 Qxb2 29. Rcd1 Rxd3 30. Rxd3 bxc5 31. Rd7 Rf8 32. Rxa7 Bc8 33. Qxh4 Qb1+ 34. Nf1 f6 35. Qf4 e5 36. Qe3 Qb6 37. Qa3 Be6 38. Ra6 Qb1 39. Rxe6 Rd8 40. Qe3 Rd1 41. Qe2 1-0

[Event "Titled Tuesday intern op 25th Jun Late"]
[Site "Chess.com INT"]
[Date "2024.06.25"]
[Round "2"]
[White "Luberanski, Jakub"]
[Black "Pasti, Aron"]
[Result "0-1"]
[WhiteElo "2258"]
[BlackElo "2402"]
[PlyCount "60"]
[EventDate "2024.06.25"]
[EventType "swiss (blitz)"]
[EventRounds "11"]
[EventCountry "USA"]
[SourceTitle "EXT 2025"]
[Source "ChessBase"]
[SourceDate "2024.10.14"]
[SourceVersion "1"]
[SourceVersionDate "2024.10.14"]
[SourceQuality "1"]

1. d4 d5 2. c4 e6 3. Nf3 Nf6 4. g3 Be7 5. Bg2 0-0 6. 0-0 dxc4 7. Qc2 a6 8. a4 c6 9. Qxc4 b5 10. Qc2 Bb7 11. Ne5 Qxd4 12. Bf4 Nd5 13. Rd1 Qc5 14. Qxc5 Bxc5 15. Rc1 Nxf4 16. gxf4 Bd4 17. Nc3 b4 18. Ne4 Bxb2 19. Rab1 Bxc1 20. Rxc1 f6 21. Nc4 c5 22. Ncd6 Bxe4 23. Bxe4 Nd7 24. Bxa8 Rxa8 25. Ne4 Rc8 26. Rd1 Rc7 27. Rd6 c4 28. Rxe6 c3 29. Nd6 c2 30. Re8+ Nf8 0-1

[Event "POL-ch sf"]
[Site "Karpacz"]
[Date "2023.12.12"]
[Round "9"]
[White "Moranda, Wojciech"]
[Black "Luberanski, Jakub"]
[Result "1/2-1/2"]
[WhiteElo "2564"]
[BlackElo "2288"]
[PlyCount "143"]
[EventDate "2023.12.04"]
[EventType "swiss"]
[EventRounds "9"]
[EventCountry "POL"]
[SourceTitle "EXT 2025"]
[Source "ChessBase"]
[SourceDate "2024.10.14"]
[SourceVersion "1"]
[SourceVersionDate "2024.10.14"]
[SourceQuality "1"]

1. d4 Nf6 2. c4 c5 3. d5 g6 4. Nc3 d6 5. e4 Bg7 6. Nf3 0-0 7. Be2 e6 8. Be3 exd5 9. cxd5 Bg4 10. Nd2 Bxe2 11. Qxe2 Re8 12. 0-0 Nbd7 13. a4 a6 14. a5 Ne5 15. h3 Nh5 16. Kh2 Qc7 17. g4 Nf6 18. Kg2 Re7 19. f4 Ned7 20. Qf3 Rae8 21. Bf2 h6 22. Bh4 Rb8 23. Rf2 Ree8 24. Nc4 Nh7 25. Bg3 Bd4 26. Re2 b5 27. axb6 Nxb6 28. Na5 Nd7 29. Nc6 Rb3 30. Rxa6 Nb8 31. Ra8 Qb7 32. Na5 Qxa8 33. Nxb3 Bg7 34. Nd2 Nd7 35. Nc4 Qa6 36. b3 Qa1 37. Nb5 Rb8 38. Nbxd6 Qd1 39. Re3 Qc2+ 40. Qf2 Qd1 41. Qd2 Qb1 42. Na3 Qa1 43. Ndc4 Nb6 44. Re1 Nxc4 45. Nxc4 Qa6 46. Qc2 Bd4 47. f5 Ra8 48. Nd6 Qa2 49. Qxa2 Rxa2+ 50. Kh1 Ng5 51. e5 Bf2 52. Bxf2 Rxf2 53. Ne4 Nxe4 54. Rxe4 gxf5 55. gxf5 Rxf5 56. Kg2 Kf8 57. Kg3 f6 58. Kg4 Rg5+ 59. Kf4 Rh5 60. d6 Rxh3 61. Kf5 fxe5 62. Ke6 Rxb3 63. Rxe5 Ke8 64. Kd5+ Kd8 65. Rf5 Ra3 66. Rf8+ Kd7 67. Rf7+ Kd8 68. Rh7 c4 69. Rxh6 Ra1 70. Rh8+ Kd7 71. Rh7+ Kd8 72. Rh8+ 1/2-1/2

[Event "Titled Tuesday intern op 28th Nov Early"]
[Site "Chess.com INT"]
[Date "2023.11.28"]
[Round "2"]
[White "Luberanski, Jakub"]
[Black "Miladinovic, Igor"]
[Result "1-0"]
[WhiteElo "2285"]
[BlackElo "2489"]
[PlyCount "99"]
[EventDate "2023.11.28"]
[EventType "swiss (blitz)"]
[EventRounds "11"]
[EventCountry "USA"]
[SourceTitle "EXT 2025"]
[Source "ChessBase"]
[SourceDate "2024.10.14"]
[SourceVersion "1"]
[SourceVersionDate "2024.10.14"]
[SourceQuality "1"]

1. e4 c6 2. d4 d5 3. e5 Bf5 4. Nf3 e6 5. Be2 h6 6. 0-0 Ne7 7. Ne1 Bg6 8. Nd2 Nf5 9. Nb3 Nd7 10. Nd3 Be7 11. a4 0-0 12. Bd2 Rc8 13. a5 c5 14. dxc5 Qc7 15. a6 bxa6 16. Rxa6 Nxc5 17. Ba5 Qb8 18. Nbxc5 Bxc5 19. c3 Bb6 20. Bxb6 axb6 21. Qb3 d4 22. c4 Qc7 23. Rc1 Ne7 24. Qxb6 Bxd3 25. Qxc7 Rxc7 26. Bxd3 Nc6 27. f4 Rb8 28. Be4 Nb4 29. Ra4 g6 30. c5 d3 31. Kf2 d2 32. Rd1 Rxc5 33. Rxd2 Rc4 34. Bf3 Rxf4 35. Rd7 Nc6 36. Rxf4 Nxe5 37. Rd2 g5 38. Ra4 Kg7 39. Be2 f5 40. b4 Kf6 41. b5 f4 42. Rb4 Rb6 43. Ra2 Nd7 44. Ra6 Rb8 45. b6 Nc5 46. Ra7 Ke5 47. b7 Ne4+ 48. Rxe4+ Kxe4 49. Bf3+ Ke5 50. Ra8 1-0

[Event "POL-ch Rapid"]
[Site "Lublin"]
[Date "2023.10.07"]
[Round "3"]
[White "Luberanski, Jakub"]
[Black "Gumularz, Szymon"]
[Result "1-0"]
[WhiteElo "2274"]
[BlackElo "2581"]
[PlyCount "37"]
[EventDate "2023.10.07"]
[EventType "swiss (rapid)"]
[EventRounds "9"]
[EventCountry "POL"]
[SourceTitle "CBM 216 Extra"]
[Source "ChessBase"]
[SourceDate "2023.11.30"]
[SourceVersion "1"]
[SourceVersionDate "2023.11.30"]
[SourceQuality "1"]

1. e4 e5 2. Nf3 Nc6 3. Bb5 a6 4. Bxc6 dxc6 5. 0-0 Qf6 6. d4 exd4 7. Bg5 Qd6 8. Nxd4 Be7 9. Bxe7 Nxe7 10. Nc3 Bd7 11. Nb3 0-0-0 12. Qe2 Ng6 13. Rad1 Qe5 14. Qe3 b6 15. f4 Qe7 16. a4 a5 17. Nxa5 bxa5 18. Qa7 Qb4 19. Nb5 1-0